LEADER 01023nam0 2200289 450 001 000031138 005 20161223120000.0 010 $a978-88-14-18844-2 100 $a20160915d2016----km-y0itay50------ba 101 0 $aita 102 $aIT 105 $ay-------001yy 200 1 $a<>processo del lavoro$ela disciplina processuale del lavoro privato, pubblico e previdenziale$fPiero Sandulli, Angelo Matteo Socci 205 $a3. ed. aggiornata al "Jobs Act" 210 $aMilano$cGiuffr?$d2016 215 $aXXXI, 695 p.$d25 cm 500 10$a<>processo del lavoro$91395707 610 1 $aDiritto processuale del lavoro 610 1 $aControversie di lavoro 676 $a344.45010269$v22$9Diritto del lavoro. Italia. Tribunali e procedura 700 1$aSandulli,$bPiero$0145270 701 1$aSocci,$bAneglo Matteo$0719048 801 0$aIT$bUNIPARTHENOPE$c20160915$gREICAT$2UNIMARC 912 $a000031138 951 $a344-P/12$b46107$cNAVA1$d2016 996 $aProcesso del lavoro$91395707 997 $aUNIPARTHENOPE LEADER 01260nam 2200469 450 001 9910796098703321 005 20200520144314.0 010 0 $a9781118880784 010 0 $a1118880781 035 $a(MiAaPQ)EBC7104174 035 $a(CKB)24989755100041 035 $a(MiAaPQ)EBC2027199 035 $a(Au-PeEL)EBL2027199 035 $a(CaPaEBR)ebr11052823 035 $a(CaONFJC)MIL786012 035 $a(OCoLC)908073683 035 $a(EXLCZ)9924989755100041 100 $a20150520h20152015 uy 0 101 0 $aeng 135 $aur||||||||||| 181 $2rdacontent 182 $2rdamedia 183 $2rdacarrier 200 10$aAnarchy, state, and utopia $ean advanced guide /$fLester H. Hunt 210 1$aWest, Sussex, England :$cWiley Blackwell,$d2015. 210 4$d2015 215 $a1 online resource (243 pages) 300 $aIncludes index. 606 $aState, The 606 $aAnarchism 606 $aUtopias 615 0$aState, The. 615 0$aAnarchism. 615 0$aUtopias. 676 $a320.101 700 $aHunt$b Lester H.$f1946-$01462913 801 0$bMiAaPQ 801 1$bMiAaPQ 801 2$bMiAaPQ 912 $a9910796098703321 996 $aAnarchy, state, and utopia$93754849 997 $aUNINA